<?xml version="1.0" encoding="UTF-8"?>
<record
    xmlns:xsi="http://www.w3.org/2001/XMLSchema-instance"
    xsi:schemaLocation="http://www.loc.gov/MARC21/slim http://www.loc.gov/standards/marcxml/schema/MARC21slim.xsd"
    xmlns="http://www.loc.gov/MARC21/slim">

  <leader>02444nam0a2200433   4500</leader>
  <controlfield tag="001">RU\NLR\bibl\1731198</controlfield>
  <controlfield tag="005">20250616075812.0</controlfield>
  <datafield tag="010" ind1=" " ind2=" ">
    <subfield code="a">978-5-87846-721-6</subfield>
    <subfield code="9">300</subfield>
  </datafield>
  <datafield tag="021" ind1=" " ind2=" ">
    <subfield code="a">RU</subfield>
    <subfield code="b">2010-106272</subfield>
    <subfield code="9">7180</subfield>
  </datafield>
  <datafield tag="035" ind1=" " ind2=" ">
    <subfield code="a">(nilc)RSL-KNO-004874542</subfield>
  </datafield>
  <datafield tag="035" ind1=" " ind2=" ">
    <subfield code="a">(NLR Aleph) 001722150</subfield>
  </datafield>
  <datafield tag="090" ind1=" " ind2=" ">
    <subfield code="a">1346580</subfield>
    <subfield code="c">1346580</subfield>
  </datafield>
  <datafield tag="100" ind1=" " ind2=" ">
    <subfield code="a">20110117d2010    |||y0rusy50      ca</subfield>
  </datafield>
  <datafield tag="101" ind1="0" ind2=" ">
    <subfield code="a">rus</subfield>
    <subfield code="a">ger</subfield>
  </datafield>
  <datafield tag="102" ind1=" " ind2=" ">
    <subfield code="a">RU</subfield>
  </datafield>
  <datafield tag="105" ind1=" " ind2=" ">
    <subfield code="a">a   |||||||||</subfield>
  </datafield>
  <datafield tag="200" ind1="1" ind2=" ">
    <subfield code="a">&#x410;&#x432;&#x441;&#x442;&#x440;&#x438;&#x44F;: &#x441;&#x442;&#x440;&#x430;&#x43D;&#x430; - &#x43B;&#x44E;&#x434;&#x438; - &#x44F;&#x437;&#x44B;&#x43A;</subfield>
    <subfield code="e">&#x43B;&#x438;&#x43D;&#x433;&#x432;&#x43E;&#x441;&#x442;&#x440;&#x430;&#x43D;&#x43E;&#x432;&#x435;&#x434;&#x447;&#x435;&#x441;&#x43A;&#x438;&#x435; &#x43E;&#x447;&#x435;&#x440;&#x43A;&#x438;</subfield>
    <subfield code="e">&#x443;&#x447;&#x435;&#x431;&#x43D;&#x43E;&#x435; &#x43F;&#x43E;&#x441;&#x43E;&#x431;&#x438;&#x435; &#x434;&#x43B;&#x44F; &#x444;&#x430;&#x43A;&#x443;&#x43B;&#x44C;&#x442;&#x435;&#x442;&#x43E;&#x432; &#x438; &#x432;&#x443;&#x437;&#x43E;&#x432; &#x438;&#x43D;&#x43E;&#x441;&#x442;&#x440;&#x430;&#x43D;&#x43D;&#x44B;&#x445; &#x44F;&#x437;&#x44B;&#x43A;&#x43E;&#x432;</subfield>
    <subfield code="f">&#x412;.&#x422;. &#x41C;&#x430;&#x43B;&#x44B;&#x433;&#x438;&#x43D;, &#x410;.&#x420;. &#x41D;&#x438;&#x43A;&#x43E;&#x43D;&#x43E;&#x432;&#x430;, &#x422;.&#x412;. &#x41A;&#x438;&#x440;&#x441;&#x430;&#x43D;&#x43E;&#x432;&#x430;, &#x412;.&#x410;. &#x427;&#x443;&#x43A;&#x448;&#x438;&#x441;</subfield>
    <subfield code="g">[&#x43F;&#x43E;&#x434; &#x43E;&#x431;&#x449;. &#x440;&#x435;&#x434;. &#x412;.&#x422;. &#x41C;&#x430;&#x43B;&#x44B;&#x433;&#x438;&#x43D;&#x430;]</subfield>
    <subfield code="g">&#x41C;-&#x432;&#x43E; &#x43E;&#x431;&#x440;&#x430;&#x437;&#x43E;&#x432;&#x430;&#x43D;&#x438;&#x44F; &#x438; &#x43D;&#x430;&#x443;&#x43A;&#x438; &#x420;&#x424;, &#x413;&#x41E;&#x423; &#x412;&#x41F;&#x41E; "&#x412;&#x43B;&#x430;&#x434;&#x438;&#x43C;&#x438;&#x440;&#x441;&#x43A;&#x438;&#x439; &#x433;&#x43E;&#x441;. &#x433;&#x443;&#x43C;&#x430;&#x43D;&#x438;&#x442;&#x430;&#x440;&#x43D;&#x44B;&#x439; &#x443;&#x43D;-&#x442;"</subfield>
  </datafield>
  <datafield tag="210" ind1=" " ind2=" ">
    <subfield code="a">&#x412;&#x43B;&#x430;&#x434;&#x438;&#x43C;&#x438;&#x440;</subfield>
    <subfield code="c">&#x412;&#x413;&#x413;&#x423;</subfield>
    <subfield code="d">2010</subfield>
  </datafield>
  <datafield tag="215" ind1=" " ind2=" ">
    <subfield code="a">191 &#x441;.</subfield>
    <subfield code="c">&#x438;&#x43B;., &#x43F;&#x43E;&#x440;&#x442;&#x440;.</subfield>
    <subfield code="d">21</subfield>
    <subfield code="e">1 &#x44D;&#x43B;&#x435;&#x43A;&#x442;&#x440;&#x43E;&#x43D;. &#x43E;&#x43F;&#x442;. &#x434;&#x438;&#x441;&#x43A; (CD-ROM)</subfield>
  </datafield>
  <datafield tag="300" ind1=" " ind2=" ">
    <subfield code="a">&#x427;&#x430;&#x441;&#x442;&#x44C; &#x442;&#x435;&#x43A;&#x441;&#x442;&#x430; &#x43D;&#x430; &#x43D;&#x435;&#x43C;. &#x44F;&#x437;.</subfield>
  </datafield>
  <datafield tag="320" ind1=" " ind2=" ">
    <subfield code="a">&#x411;&#x438;&#x431;&#x43B;&#x438;&#x43E;&#x433;&#x440;.: &#x441;. 182-191</subfield>
  </datafield>
  <datafield tag="606" ind1="1" ind2=" ">
    <subfield code="a">&#x410;&#x432;&#x441;&#x442;&#x440;&#x438;&#x439;&#x446;&#x44B;</subfield>
    <subfield code="j">&#x423;&#x447;&#x435;&#x431;&#x43D;&#x44B;&#x435; &#x438;&#x437;&#x434;&#x430;&#x43D;&#x438;&#x44F; &#x434;&#x43B;&#x44F; &#x432;&#x44B;&#x441;&#x448;&#x438;&#x445; &#x443;&#x447;&#x435;&#x431;&#x43D;&#x44B;&#x445; &#x437;&#x430;&#x432;&#x435;&#x434;&#x435;&#x43D;&#x438;&#x439;</subfield>
    <subfield code="x">&#x41D;&#x430;&#x446;&#x438;&#x43E;&#x43D;&#x430;&#x43B;&#x44C;&#x43D;&#x44B;&#x439; &#x445;&#x430;&#x440;&#x430;&#x43A;&#x442;&#x435;&#x440;</subfield>
    <subfield code="9">2392217</subfield>
    <subfield code="3">RU\NLR\auth\661426518</subfield>
  </datafield>
  <datafield tag="606" ind1="1" ind2=" ">
    <subfield code="a">&#x411;&#x44B;&#x442; &#x438; &#x43D;&#x440;&#x430;&#x432;&#x44B;</subfield>
    <subfield code="j">&#x423;&#x447;&#x435;&#x431;&#x43D;&#x44B;&#x435; &#x438;&#x437;&#x434;&#x430;&#x43D;&#x438;&#x44F; &#x434;&#x43B;&#x44F; &#x432;&#x44B;&#x441;&#x448;&#x438;&#x445; &#x443;&#x447;&#x435;&#x431;&#x43D;&#x44B;&#x445; &#x437;&#x430;&#x432;&#x435;&#x434;&#x435;&#x43D;&#x438;&#x439;</subfield>
    <subfield code="y">&#x410;&#x432;&#x441;&#x442;&#x440;&#x438;&#x44F;</subfield>
    <subfield code="9">2622460</subfield>
    <subfield code="3">RU\NLR\auth\661559020</subfield>
  </datafield>
  <datafield tag="606" ind1="1" ind2=" ">
    <subfield code="a">&#x41D;&#x435;&#x43C;&#x435;&#x446;&#x43A;&#x438;&#x439; &#x44F;&#x437;&#x44B;&#x43A;</subfield>
    <subfield code="j">&#x423;&#x447;&#x435;&#x431;&#x43D;&#x44B;&#x435; &#x438;&#x437;&#x434;&#x430;&#x43D;&#x438;&#x44F; &#x434;&#x43B;&#x44F; &#x432;&#x44B;&#x441;&#x448;&#x438;&#x445; &#x443;&#x447;&#x435;&#x431;&#x43D;&#x44B;&#x445; &#x437;&#x430;&#x432;&#x435;&#x434;&#x435;&#x43D;&#x438;&#x439;</subfield>
    <subfield code="x">&#x414;&#x438;&#x430;&#x43B;&#x435;&#x43A;&#x442;&#x44B;</subfield>
    <subfield code="y">&#x410;&#x432;&#x441;&#x442;&#x440;&#x438;&#x44F;</subfield>
    <subfield code="9">1718087</subfield>
    <subfield code="3">RU\NLR\auth\66766470</subfield>
  </datafield>
  <datafield tag="607" ind1=" " ind2=" ">
    <subfield code="a">&#x410;&#x432;&#x441;&#x442;&#x440;&#x438;&#x44F;</subfield>
    <subfield code="j">&#x423;&#x447;&#x435;&#x431;&#x43D;&#x44B;&#x435; &#x438;&#x437;&#x434;&#x430;&#x43D;&#x438;&#x44F; &#x434;&#x43B;&#x44F; &#x432;&#x44B;&#x441;&#x448;&#x438;&#x445; &#x443;&#x447;&#x435;&#x431;&#x43D;&#x44B;&#x445; &#x437;&#x430;&#x432;&#x435;&#x434;&#x435;&#x43D;&#x438;&#x439;</subfield>
    <subfield code="x">&#x418;&#x441;&#x442;&#x43E;&#x440;&#x438;&#x44F;</subfield>
    <subfield code="z">20 - 21 &#x432;&#x432;.</subfield>
    <subfield code="9">2622459</subfield>
    <subfield code="3">RU\NLR\auth\661559019</subfield>
  </datafield>
  <datafield tag="686" ind1=" " ind2=" ">
    <subfield code="a">&#x428;143.24-944:&#x414;</subfield>
    <subfield code="2">rubbk</subfield>
  </datafield>
  <datafield tag="686" ind1=" " ind2=" ">
    <subfield code="a">&#x422;3(4&#x410;)6&#x44F;73</subfield>
  </datafield>
  <datafield tag="686" ind1=" " ind2=" ">
    <subfield code="a">&#x422;3(4&#x410;)0-7&#x44F;73</subfield>
  </datafield>
  <datafield tag="686" ind1=" " ind2=" ">
    <subfield code="a">&#x428;143.24-93&#x440;&#x443;&#x441;3-5</subfield>
  </datafield>
  <datafield tag="701" ind1=" " ind2="1">
    <subfield code="a">&#x41C;&#x430;&#x43B;&#x44B;&#x433;&#x438;&#x43D;</subfield>
    <subfield code="b">&#x412;. &#x422;.</subfield>
    <subfield code="g">&#x412;&#x438;&#x43A;&#x442;&#x43E;&#x440; &#x422;&#x440;&#x43E;&#x444;&#x438;&#x43C;&#x43E;&#x432;&#x438;&#x447;</subfield>
    <subfield code="4">070</subfield>
  </datafield>
  <datafield tag="701" ind1=" " ind2="1">
    <subfield code="a">&#x41D;&#x438;&#x43A;&#x43E;&#x43D;&#x43E;&#x432;&#x430;</subfield>
    <subfield code="b">&#x410;. &#x420;.</subfield>
    <subfield code="4">070</subfield>
  </datafield>
  <datafield tag="701" ind1=" " ind2="1">
    <subfield code="a">&#x41A;&#x438;&#x440;&#x441;&#x430;&#x43D;&#x43E;&#x432;&#x430;</subfield>
    <subfield code="b">&#x422;. &#x412;.</subfield>
    <subfield code="4">070</subfield>
  </datafield>
  <datafield tag="701" ind1=" " ind2="1">
    <subfield code="a">&#x427;&#x443;&#x43A;&#x448;&#x438;&#x441;</subfield>
    <subfield code="b">&#x412;. &#x410;.</subfield>
    <subfield code="4">070</subfield>
  </datafield>
  <datafield tag="801" ind1=" " ind2="0">
    <subfield code="a">RU</subfield>
    <subfield code="b">RuMoRKP</subfield>
    <subfield code="c">20110117</subfield>
    <subfield code="g">rcr</subfield>
  </datafield>
  <datafield tag="801" ind1=" " ind2="1">
    <subfield code="a">RU</subfield>
    <subfield code="b">RuMoRGB</subfield>
    <subfield code="c">20110117</subfield>
  </datafield>
  <datafield tag="801" ind1=" " ind2="2">
    <subfield code="a">RU</subfield>
    <subfield code="b">NLR</subfield>
    <subfield code="c">20110203</subfield>
    <subfield code="g">rcr</subfield>
  </datafield>
  <datafield tag="942" ind1=" " ind2=" ">
    <subfield code="c">BOOK</subfield>
  </datafield>
  <datafield tag="980" ind1=" " ind2=" ">
    <subfield code="a">NB</subfield>
  </datafield>
  <datafield tag="995" ind1=" " ind2=" ">
    <subfield code="5">2011-02-03</subfield>
    <subfield code="a">ad</subfield>
    <subfield code="b">NLR01</subfield>
    <subfield code="c">NLR01</subfield>
    <subfield code="e">RF8</subfield>
    <subfield code="f">1-824224</subfield>
    <subfield code="k">2011-3/3350</subfield>
    <subfield code="o">0</subfield>
    <subfield code="r">BOOK</subfield>
    <subfield code="s">201133350_</subfield>
  </datafield>
</record>
